00759nam a2200229Ii 45000010005000000030009000050080041000140200015000550400033000700410008001030820015001111000016001262450018001422640068001603000012002283360026002403370028002663380027002949400050003219990017003719520141003885583CO-ViMGA241108s9999||||xx |||||||||||||| ||und|| a8471662108 aCO-ViMGAbspaerdacCO-ViMGA0 aunk04a833.8-K1341 aFranz Kafka10a castillo 1a[Lugar de publicación no identificado] : Edaf Ediciones, 1981 avolumen atextbtxt2rdacontent aunmediatedbn2rdamedia avolumebnc2rdacarrier aidficha_siabuc: 5437. -- ficha_no_siabuc:5583 c51740d51740 001040708001aMEVIGERRbMEVIGERRcGENd2006-11-27hVol.1o833.8-K134pECA4721r2024-11-26 10:08:34tEj.1w2024-11-26yBKz5437 | 7677